[Event "Oberliga Nord O 2324"]
[Site "Germany"]
[Date "2024.04.14"]
[Round "8.8"]
[White "Holzapfel, Daniel"]
[Black "Krause, Marc"]
[Result "1-0"]
[WhiteElo "2242"]
[BlackElo "1768"]
[PlyCount "55"]
[EventDate "2023.10.22"]
[EventType "team-tourn"]
[EventRounds "9"]
[EventCountry "GER"]
[SourceTitle "EXT 2025"]
[Source "ChessBase"]
[SourceDate "2024.10.14"]
[SourceVersion "1"]
[SourceVersionDate "2024.10.14"]
[SourceQuality "1"]
[WhiteTeam "Kreuzberg"]
[BlackTeam "Potsdam Empor"]
[WhiteTeamCountry "GER"]
[BlackTeamCountry "GER"]

1. d4 Nf6 2. Nf3 g6 3. c4 Bg7 4. Nc3 d5 5. cxd5 Nxd5 6. e4 Nxc3 7. bxc3 c5 8. Bb5+ Bd7 9. Bxd7+ Qxd7 10. 0-0 Nc6 11. d5 Na5 12. Be3 b6 13. Qd3 0-0 14. Bf4 Rfd8 15. Rfd1 Qa4 16. Be5 Qc4 17. Qe3 Qa4 18. Bxg7 Kxg7 19. h4 h5 20. e5 Qg4 21. Qe2 Nc4 22. Rd3 Rd7 23. e6 fxe6 24. dxe6 Rxd3 25. Qxd3 Qxe6 26. Re1 Qg8 27. Rxe7+ Kh8 28. Ng5 1-0

[Event "Arber op 6th"]
[Site "Bodenmais"]
[Date "2017.07.31"]
[Round "3"]
[White "Krause, Marc"]
[Black "Hrdina, Karl"]
[Result "1/2-1/2"]
[WhiteElo "1472"]
[BlackElo "1858"]
[PlyCount "179"]
[EventDate "2017.07.29"]
[EventType "swiss"]
[EventRounds "9"]
[EventCountry "GER"]
[SourceTitle "CBM 179 Extra"]
[Source "ChessBase"]
[SourceDate "2017.08.23"]
[SourceVersion "1"]
[SourceVersionDate "2017.08.23"]
[SourceQuality "1"]

1. e4 e5 2. Nf3 Nc6 3. Bb5 a6 4. Bxc6 dxc6 5. 0-0 f6 6. d4 exd4 7. Qxd4 Qxd4 8. Nxd4 Bd7 9. c4 0-0-0 10. Nb3 Be6 11. N3d2 Nh6 12. b3 Ng4 13. Nf3 Bc5 14. Nbd2 Rd3 15. h3 Nh6 16. e5 Be7 17. Ne4 Bf5 18. Bxh6 Bxe4 19. Bxg7 Rg8 20. exf6 Bxf6 21. Bxf6 Rxf3 22. Rfe1 Bf5 23. Bh4 Rd3 24. Bg3 Rd7 25. Re5 Bg6 26. Rae1 b6 27. Re7 c5 28. Rxd7 Kxd7 29. Rd1+ Kc6 30. Kf1 Rg7 31. Be5 Rg8 32. f4 h5 33. g4 hxg4 34. hxg4 Be4 35. g5 b5 36. cxb5+ axb5 37. Kf2 Bf5 38. Ke3 Re8 39. Kf2 Kb6 40. Ke3 Rg8 41. Rd2 Re8 42. Kf2 Rg8 43. Ke3 Ra8 44. Rh2 c6 45. Rd2 b4 46. Rg2 Rg8 47. Rd2 Kb5 48. Rd6 Bb1 49. Rd2 Ra8 50. Rb2 Bf5 51. Bd6 Rh8 52. Rg2 Rh3+ 53. Ke2 Rc3 54. Kd1 Rd3+ 55. Rd2 Rg3 56. Ke2 c4 57. bxc4+ Kxc4 58. Be5 c5 59. Kf2 Rh3 60. Kg2 Ra3 61. Kf2 Kb5 62. Ke2 Be4 63. Rb2 Rh3 64. Kd2 c4 65. Ke2 c3 66. Rb3 Bd5 67. Rb1 Bxa2 68. Ra1 Bc4+ 69. Kf2 Be6 70. g6 Kc4 71. g7 Rh5 72. Ra8 c2 73. Bb2 Kb3 74. Bc1 Rh1 75. Be3 c1Q 76. Bxc1 Rxc1 77. g8Q Bxg8 78. Rxg8 Rc3 79. f5 Kc2 80. f6 Rc6 81. Rg6 Rc5 82. Ke3 Rf5 83. Ke4 Rf2 84. Ke5 b3 85. Rg7 b2 86. Rb7 Kd3 87. Rxb2 Rxb2 88. f7 Rb8 89. Ke6 Kd4 90. Ke7 1/2-1/2

[Event "GER-ch U12"]
[Site "Willingen"]
[Date "2016.05.18"]
[Round "6"]
[White "Zwecker, Hagen"]
[Black "Krause, Marc"]
[Result "1/2-1/2"]
[WhiteElo "1325"]
[BlackElo "1537"]
[PlyCount "117"]
[EventDate "2016.05.15"]
[EventType "swiss"]
[EventRounds "11"]
[EventCountry "GER"]
[SourceTitle "CBM 172 Extra"]
[Source "ChessBase"]
[SourceDate "2016.06.21"]
[SourceVersion "1"]
[SourceVersionDate "2016.06.21"]
[SourceQuality "1"]

1. e4 c5 2. Nf3 d6 3. Bb5+ Bd7 4. Bxd7+ Qxd7 5. c4 Nc6 6. Nc3 Nf6 7. 0-0 g6 8. d3 Bg7 9. Bd2 0-0 10. Re1 a6 11. Qc1 Nb4 12. Qb1 Nc6 13. Qc1 Qc7 14. Bg5 e6 15. Bh6 Rad8 16. Qf4 Nh5 17. Qd2 Nf6 18. Qf4 Rc8 19. Bg5 Nd7 20. Qd2 Nde5 21. Re3 Ng4 22. Ree1 Nd4 23. Nxd4 Bxd4 24. Be3 Bxe3 25. fxe3 d5 26. g3 dxc4 27. dxc4 Rfd8 28. Qe2 Ne5 29. Red1 Rxd1+ 30. Rxd1 Rd8 31. Rxd8+ Qxd8 32. Na4 Qd3 33. Qxd3 Nxd3 34. b3 b5 35. cxb5 axb5 36. Nc3 Nc1 37. Kf2 b4 38. Na4 c4 39. bxc4 Nxa2 40. Ke2 Kf8 41. Kd2 b3 42. Nb2 Ke7 43. Kd3 Kd6 44. Kd4 e5+ 45. Kd3 Kc5 46. h4 Kb4 47. Kd2 Ka3 48. Nd3 b2 49. Kc2 Nb4+ 50. Nxb4 Kxb4 51. Kxb2 Kxc4 52. Kc2 h5 53. Kd2 f6 54. Kc2 f5 55. exf5 gxf5 56. Kd2 Kd5 57. Kd3 e4+ 58. Kc3 Kc5 59. Kb3 1/2-1/2

[Event "GER-ch U12"]
[Site "Willingen"]
[Date "2016.05.16"]
[Round "4"]
[White "Yueksel, Baran"]
[Black "Krause, Marc"]
[Result "1/2-1/2"]
[WhiteElo "1422"]
[BlackElo "1537"]
[PlyCount "144"]
[EventDate "2016.05.15"]
[EventType "swiss"]
[EventRounds "11"]
[EventCountry "GER"]
[SourceTitle "CBM 172 Extra"]
[Source "ChessBase"]
[SourceDate "2016.06.21"]
[SourceVersion "1"]
[SourceVersionDate "2016.06.21"]
[SourceQuality "1"]

1. e4 c5 2. d4 cxd4 3. c3 d3 4. Bxd3 Nc6 5. Nf3 d6 6. Bf4 Qb6 7. Qb3 Qxb3 8. axb3 Bg4 9. Nbd2 Nf6 10. h3 Bd7 11. 0-0 g6 12. e5 dxe5 13. Nxe5 Bg7 14. Nxd7 Nxd7 15. Rfe1 0-0 16. Re2 e5 17. Bg3 f5 18. f3 Nc5 19. Bc4+ Kh8 20. Rae1 Rad8 21. Bb5 Bh6 22. Nf1 Nxb3 23. Bxc6 bxc6 24. Bxe5+ Bg7 25. Bxg7+ Kxg7 26. Re7+ Rf7 27. R1e6 c5 28. Rxf7+ Kxf7 29. Rc6 Rd7 30. Kf2 Ke7 31. Ke3 Rd6 32. Rc7+ Rd7 33. Rc8 Ke6 34. g4 fxg4 35. hxg4 Re7 36. Kd3 Rd7+ 37. Kc4 Nd2+ 38. Nxd2 Rxd2 39. b3 Rf2 40. Rf8 h5 41. gxh5 gxh5 42. Kxc5 h4 43. Rh8 Rxf3 44. Rxh4 Rxc3+ 45. Kb4 Rf3 46. Rh7 a5+ 47. Ka3 Kd6 48. Rh5 Kc6 49. Rxa5 Kb6 50. Rh5 Rf6 51. Rh4 Rf5 52. Rh6+ Kb5 53. Rh8 Kb6 54. b4 Rf3+ 55. Ka4 Rf4 56. Rh6+ Kb7 57. Ka5 Rf5+ 58. b5 Rf7 59. Rb6+ Ka8 60. Ra6+ Kb7 61. Rb6+ Ka8 62. Rd6 Kb7 63. Rd5 Ka7 64. Kb4 Kb6 65. Rd6+ Kc7 66. Rd4 Kb6 67. Rd6+ Kc7 68. Rc6+ Kb7 69. Ka5 Ka7 70. Rh6 Kb7 71. Rh5 Re7 72. Kb4 Rf7 1/2-1/2

[Event "Berlin Spandau op 1st"]
[Site "Berlin"]
[Date "2015.12.27"]
[Round "1"]
[White "Zschaebitz, Klaus"]
[Black "Krause, Marc"]
[Result "1-0"]
[WhiteElo "2061"]
[BlackElo "1577"]
[PlyCount "63"]
[EventDate "2015.12.27"]
[EventType "swiss"]
[EventRounds "7"]
[EventCountry "GER"]
[SourceTitle "EXT 2022"]
[Source "ChessBase"]
[SourceDate "2021.10.06"]
[SourceVersion "1"]
[SourceVersionDate "2021.10.06"]
[SourceQuality "1"]

1. Nf3 Nf6 2. g3 d5 3. Bg2 g6 4. c4 c6 5. b3 Bg7 6. Bb2 0-0 7. 0-0 Nbd7 8. cxd5 cxd5 9. d4 Nb6 10. Nc3 Bf5 11. Nh4 Qd7 12. Nxf5 Qxf5 13. e3 Rac8 14. Rc1 Rfd8 15. Qf3 Qxf3 16. Bxf3 e6 17. a4 Bf8 18. Na2 Bd6 19. Rxc8 Rxc8 20. Nc1 Rc2 21. Nd3 Ne4 22. Kg2 Rd2 23. Rd1 Rxd1 24. Bxd1 a6 25. f3 Nf6 26. Nc5 Bxc5 27. dxc5 Nbd7 28. b4 Ne8 29. e4 Nc7 30. a5 f5 31. Ba4 Nf8 32. Be5 1-0

[Event "GER-ch U10"]
[Site "Magdeburg"]
[Date "2014.06.14"]
[Round "11"]
[White "Krause, Marc"]
[Black "Marschall, Tillmann"]
[Result "0-1"]
[WhiteElo "1083"]
[BlackElo "1345"]
[PlyCount "90"]
[EventDate "2014.06.08"]
[EventType "swiss"]
[EventRounds "11"]
[EventCountry "GER"]
[SourceTitle "CBM 160 Extra"]
[Source "ChessBase"]
[SourceDate "2014.07.01"]
[SourceVersion "1"]
[SourceVersionDate "2014.07.01"]
[SourceQuality "1"]

1. Nf3 d5 2. d4 Nf6 3. c4 c6 4. Nc3 dxc4 5. a4 Bf5 6. Bf4 Nd5 7. Bg3 Nd7 8. e3 N7f6 9. Bxc4 e6 10. 0-0 Bb4 11. Nxd5 exd5 12. Bd3 Bxd3 13. Qxd3 0-0 14. Nd2 Re8 15. Rad1 Qa5 16. b3 Rad8 17. Bh4 Be7 18. Rc1 Qc7 19. Bg3 Qd7 20. Rfe1 Bd6 21. Bxd6 Qxd6 22. Qf5 Re6 23. Qf3 Rde8 24. Qe2 Qf8 25. Qf3 Qd6 26. Qg3 Qxg3 27. hxg3 Ng4 28. Kf1 Rf6 29. Nf3 Nh6 30. Kg1 Nf5 31. Nh4 Nd6 32. Nf3 h6 33. Nd2 Rfe6 34. Kf1 Nf5 35. Nf3 f6 36. g4 Nd6 37. Nd2 Kf7 38. Nf3 g5 39. Nd2 Kg6 40. Rc3 Kf7 41. g3 Kg6 42. Kg2 R8e7 43. Rb1 Kf7 44. Kf1 Ne4 45. Ke2 Nxc3+ 0-1

[Event "GER-ch U10"]
[Site "Magdeburg"]
[Date "2014.06.11"]
[Round "6"]
[White "Hassemeier, Mika"]
[Black "Krause, Marc"]
[Result "1-0"]
[WhiteElo "1409"]
[BlackElo "1083"]
[PlyCount "121"]
[EventDate "2014.06.08"]
[EventType "swiss"]
[EventRounds "11"]
[EventCountry "GER"]
[SourceTitle "CBM 160 Extra"]
[Source "ChessBase"]
[SourceDate "2014.07.01"]
[SourceVersion "1"]
[SourceVersionDate "2014.07.01"]
[SourceQuality "1"]

1. c4 Nf6 2. Nc3 g6 3. d4 Bg7 4. e4 d6 5. f3 c5 6. dxc5 dxc5 7. Qxd8+ Kxd8 8. Be3 b6 9. 0-0-0+ Kc7 10. Bd3 Bb7 11. Nge2 Nc6 12. Nd5+ Nxd5 13. cxd5 Ne5 14. Bf4 a6 15. Bc2 Kd7 16. Nc3 b5 17. Be3 c4 18. h3 Rac8 19. Kb1 Rhd8 20. f4 Nd3 21. Bxd3 cxd3 22. Rxd3 Rc4 23. e5 Bh6 24. g3 Ke8 25. Rhd1 e6 26. dxe6 Rxd3 27. exf7+ Kxf7 28. Rxd3 Ke7 29. Nd5+ Ke6 30. Nc3 Ke7 31. Rd4 Rc8 32. Nd5+ Ke6 33. Nf6 Rc7 34. Rd6+ Kf7 35. Rd7+ Rxd7 36. Nxd7 Ke7 37. Nc5 Bc8 38. Kc2 a5 39. g4 Bg7 40. Bd2 a4 41. Kc3 Bd7 42. Nxd7 Kxd7 43. Kb4 Kc6 44. e6 Bxb2 45. e7 Kd7 46. Kxb5 Kxe7 47. Kxa4 Kd6 48. Kb5 Kc7 49. Ba5+ Kb7 50. f5 Bd4 51. Bd8 Kc8 52. Be7 Kd7 53. Bg5 h5 54. fxg6 hxg4 55. hxg4 Bg7 56. a4 Ke8 57. a5 Kf8 58. Be3 Be5 59. Kc6 Kg7 60. a6 Bb8 61. Kb7 1-0

[Event "GER-ch U10"]
[Site "Magdeburg"]
[Date "2014.06.09"]
[Round "4"]
[White "Krause, Marc"]
[Black "Post, Hugo"]
[Result "0-1"]
[WhiteElo "1083"]
[BlackElo "1594"]
[PlyCount "88"]
[EventDate "2014.06.08"]
[EventType "swiss"]
[EventRounds "11"]
[EventCountry "GER"]
[SourceTitle "CBM 160 Extra"]
[Source "ChessBase"]
[SourceDate "2014.07.01"]
[SourceVersion "1"]
[SourceVersionDate "2014.07.01"]
[SourceQuality "1"]

1. d4 Nf6 2. c4 e5 3. dxe5 Ng4 4. Bf4 g5 5. Bd2 Nxe5 6. e4 Bg7 7. Nc3 d6 8. f3 Be6 9. b3 Nbd7 10. Qc2 Qf6 11. Nge2 Nc5 12. Ng3 h5 13. Nd5 Bxd5 14. cxd5 Nxf3+ 15. Kd1 Qxa1+ 16. Bc1 Qd4+ 17. Ke2 Nh4 18. Bxg5 Ng6 19. Kf3 Ne5+ 20. Kf4 Ned3+ 21. Bxd3 Nxd3+ 22. Kf3 Qc3 23. Qb1 Ne1+ 24. Ke2 Qc2+ 25. Qxc2 Nxc2 26. Rc1 Nd4+ 27. Kd3 Kd7 28. Be3 Nb5 29. a4 Nc3 30. Nf5 Bf6 31. Rc2 Rae8 32. Bd4 Bxd4 33. Kxd4 Nxe4 34. Re2 Ng5 35. Rf2 Re4+ 36. Kd3 Rhe8 37. h4 Nh7 38. Nh6 Re3+ 39. Kc4 R8e4+ 40. Kb5 Rxb3+ 41. Ka5 Ra3 42. Rxf7+ Ke8 43. Rxc7 Raxa4+ 44. Kb5 Reb4# 0-1

[Event "GER-ch U10"]
[Site "Magdeburg"]
[Date "2014.06.08"]
[Round "1"]
[White "Lohr, Maximilian"]
[Black "Krause, Marc"]
[Result "0-1"]
[WhiteElo "1420"]
[BlackElo "1083"]
[PlyCount "84"]
[EventDate "2014.06.08"]
[EventType "swiss"]
[EventRounds "11"]
[EventCountry "GER"]
[SourceTitle "CBM 160 Extra"]
[Source "ChessBase"]
[SourceDate "2014.07.01"]
[SourceVersion "1"]
[SourceVersionDate "2014.07.01"]
[SourceQuality "1"]

1. e4 e5 2. Nf3 d6 3. d4 Nd7 4. Nc3 Be7 5. Bc4 Ngf6 6. 0-0 0-0 7. b3 b6 8. Bb2 Bb7 9. Re1 exd4 10. Nxd4 Ne5 11. Bd5 Nxd5 12. Nxd5 Bxd5 13. exd5 Qd7 14. c4 Rae8 15. h3 c5 16. dxc6 Nxc6 17. Nxc6 Qxc6 18. Qg4 f6 19. Re3 Bd8 20. Rae1 Rxe3 21. Rxe3 Re8 22. Rf3 Kh8 23. Rf5 Qd7 24. Qf4 Kg8 25. Ba3 Bc7 26. Rd5 Re6 27. Rd3 Re1+ 28. Kh2 d5 29. Rxd5 Bxf4+ 30. g3 Qxd5 31. cxd5 Bb8 32. Kg2 Rd1 33. Kf3 Rxd5 34. Bc1 Kf7 35. Ke4 Rc5 36. Be3 Rc2 37. a4 Rb2 38. Bd4 Rxb3 39. Kd5 Ra3 40. Kc6 Rxa4 41. Kb7 Rxd4 42. Kxb8 b5 0-1

[Event "Berlin Spring op-B"]
[Site "Berlin"]
[Date "2014.05.03"]
[Round "6"]
[White "Krause, Marc"]
[Black "Guenther, Boris"]
[Result "0-1"]
[WhiteElo "1152"]
[BlackElo "1455"]
[PlyCount "100"]
[EventDate "2014.05.01"]
[EventType "swiss"]
[EventRounds "7"]
[EventCountry "GER"]
[SourceTitle "CBM 160 Extra"]
[Source "ChessBase"]
[SourceDate "2014.07.01"]
[SourceVersion "1"]
[SourceVersionDate "2014.07.01"]
[SourceQuality "1"]

1. c4 g6 2. d4 Bg7 3. Nf3 c5 4. e3 cxd4 5. exd4 d5 6. Nc3 Nf6 7. g3 Nc6 8. cxd5 Nxd5 9. Bg2 Bg4 10. Be3 0-0 11. Qd2 Nxe3 12. fxe3 Rc8 13. 0-0 Rc7 14. Qe2 e5 15. d5 e4 16. dxc6 exf3 17. Bxf3 Bxf3 18. Rxf3 Bxc3 19. bxc3 Rxc6 20. Rc1 Qa5 21. Qc2 Qd5 22. Rf4 b6 23. Rd4 Qe5 24. Qd2 Rfc8 25. Qd3 Qe6 26. Qd2 b5 27. Rd8+ Rxd8 28. Qxd8+ Kg7 29. Qd4+ Qf6 30. Qxa7 Rxc3 31. Rxc3 Qxc3 32. Qd4+ Qxd4 33. exd4 Kf6 34. Kf2 Ke6 35. Ke2 Kd5 36. Kd3 b4 37. g4 f5 38. gxf5 gxf5 39. Ke2 Kxd4 40. Kd2 f4 41. h3 f3 42. Kd1 Kc3 43. Ke1 Kb2 44. a4 bxa3 45. Kf2 a2 46. Kxf3 a1Q 47. Kg4 Qg1+ 48. Kh4 Kc3 49. Kh5 Kd4 50. h4 Qg6# 0-1

[Event "Berlin Spring op-B"]
[Site "Berlin"]
[Date "2014.05.02"]
[Round "4"]
[White "Krause, Marc"]
[Black "Dulce, Paul"]
[Result "1-0"]
[WhiteElo "1152"]
[BlackElo "900"]
[PlyCount "67"]
[EventDate "2014.05.01"]
[EventType "swiss"]
[EventRounds "7"]
[EventCountry "GER"]
[SourceTitle "CBM 160 Extra"]
[Source "ChessBase"]
[SourceDate "2014.07.01"]
[SourceVersion "1"]
[SourceVersionDate "2014.07.01"]
[SourceQuality "1"]

1. e4 e5 2. Nf3 Nc6 3. Bc4 Nf6 4. Ng5 d5 5. exd5 Nb4 6. d6 Qxd6 7. Nxf7 Qd4 8. Nxh8 Ng4 9. 0-0 Qxc4 10. Nc3 Qf4 11. g3 Qh6 12. h4 Be7 13. d3 Bxh4 14. Bxh6 gxh6 15. gxh4 Bf5 16. Nb5 0-0-0 17. Nxa7+ Kb8 18. Nb5 Rxh8 19. a3 Nd5 20. Nc3 Nf4 21. Qf3 Rg8 22. Kh1 c6 23. b4 Re8 24. Ne4 Ka7 25. Nd6 e4 26. dxe4 Bxe4 27. Nxe4 Nxf2+ 28. Qxf2+ Ka8 29. Qxf4 h5 30. Nd6 Rd8 31. Qf6 Rb8 32. Qe7 b5 33. Rf7 Rb6 34. Qa7# 1-0

[Event "Berlin Spring op-B"]
[Site "Berlin"]
[Date "2014.05.01"]
[Round "2"]
[White "Krause, Marc"]
[Black "Fahland, Maximilian"]
[Result "0-1"]
[WhiteElo "1152"]
[BlackElo "1487"]
[PlyCount "110"]
[EventDate "2014.05.01"]
[EventType "swiss"]
[EventRounds "7"]
[EventCountry "GER"]
[SourceTitle "CBM 160 Extra"]
[Source "ChessBase"]
[SourceDate "2014.07.01"]
[SourceVersion "1"]
[SourceVersionDate "2014.07.01"]
[SourceQuality "1"]

1. d4 d5 2. Nf3 Nf6 3. c4 e6 4. Nc3 c6 5. Bf4 Nbd7 6. e3 Be7 7. cxd5 cxd5 8. Bd3 0-0 9. 0-0 a6 10. Qc2 b5 11. a3 Bb7 12. Rac1 Rc8 13. Nd2 Nb6 14. h3 Nc4 15. Nxc4 bxc4 16. Be2 Bc6 17. Qd2 h6 18. Rb1 Bd6 19. Bxd6 Qxd6 20. Rfe1 Rb8 21. Bf3 Rfe8 22. e4 Nd7 23. e5 Qc7 24. Be2 Nb6 25. b3 Bd7 26. b4 Na4 27. Nxa4 Bxa4 28. Qc3 Rb6 29. Bd1 Bxd1 30. Rexd1 Reb8 31. Rb2 a5 32. Rdd2 Qb7 33. f3 axb4 34. axb4 Rxb4 35. Rxb4 Qxb4 36. Rc2 Qxc3 37. Rxc3 Rb3 38. Rc2 Kh7 39. Kf2 Rd3 40. Ke2 Rxd4 41. Ke3 Rd3+ 42. Ke2 Kg6 43. Rd2 Rxd2+ 44. Kxd2 Kf5 45. g3 Kxe5 46. Ke3 d4+ 47. Kd2 Kd5 48. Kc2 e5 49. Kd2 e4 50. f4 e3+ 51. Ke2 Ke4 52. Ke1 d3 53. Kd1 Kf3 54. Ke1 c3 55. Kd1 e2+ 0-1